000 00376nam a2200133Ia 4500
008 191014s9999 xx 000 0 und d
020 _a978-192131322-6
082 _a530.13
_bEVA
100 _aDenis j. Evans, Gary p. Morriss
_923745
245 0 _aStatistical Mechanics of Nonequilibrium Liquids
260 _aAustralia
_bANU E Press
_c2007
300 _aXv,302
942 _cBK
999 _c531242
_d531242